Представление документа в формате RUSMARC

ПолеНазваниеЗначение
  Тип записи a
  Библиографический уровень m
001 Контрольный номер 13d0f8341f634b7081d23faf55e84cae
005 Дата корректировки 20140620104231.1
101 Язык документа 0_
a Язык текста rus
102 Страна публикации __
a Страна публикации RU
200 Заглавие и сведения об ответственности 1_
a Заглавие Развитие сельскохозяйственных и потребительских кооперативов в России и Болгарии (теория и практика)
e Сведения, относящиеся к заглавию дис. ... канд. экон. наук: 08.00.05
f Первые сведения об ответственности П. И. Стефанов
g Последующие сведения об ответственности АНО ВПО ЦС РФ РУК
210 Выходные данные 1_
a Место издания М.
d Дата издания 2012
215 Физическое описание __
a Объем 185 с.
320 Библиография __
a Библиография Библиогр.: с. 167-174
328 __
a канд. экон. наук
n 08.00.05
610 Ключевые слова 0_
a Ключевые слова сельскохозяйственная кооперация
610 Ключевые слова 0_
a Ключевые слова потребительская кооперация
610 Ключевые слова 0_
a Ключевые слова Россия
610 Ключевые слова 0_
a Ключевые слова Болгария
686 Индексы других классификаций __
a Классификационный индекс 65.9(2)321.88
2 Код системы rubbk
686 Индексы других классификаций __
a Классификационный индекс 65.9(2)421.8
2 Код системы rubbk
686 Индексы других классификаций __
a Классификационный индекс 65.9(4Бол)р4
2 Код системы rubbk
700 Автор _1
a Фамилия Стефанов
b Имя П. И.
g Полное личное имя Петр Иванович
711 Наименование организации. (Альтернативная ответственность) 02
a Организация/ юрисдикция АНО ВПО ЦС РФ РУК
801 Источник записи _0
a Страна RU
b Организация РУК
c Дата составления 20120705
g Правила каталогизации PSBO
801 Источник записи _1
a Страна RU
b Организация РУК
c Дата составления 20120705
g Правила каталогизации PSBO
852 Данные о местонахождении __
i Авторский знак 1196
j Шифр хранения Д
900 Электронные ресурсы __
a Имя электронного ресурса Стефанов П. И.
901 Тип документа __
t Тип документа d
938 Служебная информация __
a Название организации Головной вуз
b Имя БД DISS
c Название АИБС АИБС ИРБИС